Music Quiz

Random Music or Song Quiz

Finish The Lyrics Laura Quiz Stats

 Plays Quiz not verified by Sporcle

Support Sporcle.
Go Orange.
Score 0/199 Timer 10:00
0 Plays Today
lyrics % Correct
the
96.8%
and
96.8%
the
96.8%
and
96.8%
and
96.8%
and
96.8%
a
96.8%
a
96.8%
the
96.8%
and
96.8%
the
96.8%
and
96.8%
the
96.8%
a
96.8%
a
96.8%
the
96.8%
the
96.8%
the
96.8%
you
90.3%
I
87.1%
I
87.1%
I
87.1%
I
87.1%
I
87.1%
I
87.1%
I
87.1%
I
87.1%
I
87.1%
is
71%
can
71%
Is
71%
is
71%
Is
71%
in
67.7%
so
67.7%
it
64.5%
it
64.5%
it
64.5%
to
64.5%
it
64.5%
we
61.3%
be
61.3%
of
58.1%
of
58.1%
of
58.1%
for
54.8%
for
54.8%
for
54.8%
for
54.8%
your
54.8%
what
54.8%
what
54.8%
what
54.8%
your
54.8%
was
51.6%
was
51.6%
when
51.6%
she
48.4%
there
48.4%
she
48.4%
she
48.4%
where
48.4%
like
45.2%
life
45.2%
are
41.9%
just
38.7%
or
38.7%
lyrics % Correct
just
38.7%
or
38.7%
just
38.7%
not
38.7%
have
38.7%
not
38.7%
or
38.7%
day
35.5%
that
35.5%
her
32.3%
her
32.3%
say
32.3%
I'm
32.3%
gone
32.3%
gone
32.3%
gone
32.3%
gone
32.3%
gone
32.3%
gone
32.3%
gone
32.3%
gone
32.3%
gone
32.3%
it's
32.3%
man
32.3%
her
32.3%
I'm
32.3%
I'm
32.3%
gone
32.3%
all
32.3%
gone
32.3%
her
32.3%
she's
29%
good
29%
good
29%
been
29%
night
29%
night
29%
this
29%
good.
29%
would
29%
she's
29%
at
29%
couldn't
25.8%
hell
25.8%
something
25.8%
something
25.8%
but
25.8%
these
25.8%
rest
25.8%
off
25.8%
but
25.8%
tell
22.6%
with
22.6%
more
22.6%
now
22.6%
had
22.6%
heard
19.4%
heard
19.4%
kind
19.4%
here.
19.4%
think
19.4%
kind
19.4%
down
19.4%
kind
19.4%
chance
19.4%
wind
16.1%
baby
16.1%
lyrics % Correct
many
16.1%
Well
16.1%
little
16.1%
Well
16.1%
Well
16.1%
out
16.1%
back
16.1%
Aw
16.1%
come
16.1%
says
16.1%
mad
12.9%
ah
12.9%
gettin
12.9%
thought
12.9%
long
12.9%
wish
12.9%
doggone
12.9%
whiskey
12.9%
gettin
12.9%
might
12.9%
went
12.9%
didn't
12.9%
didn't
12.9%
still
12.9%
door
9.7%
slam
9.7%
again
9.7%
car.
9.7%
days
9.7%
mean
9.7%
things.
9.7%
before
9.7%
she'd
9.7%
couple
9.7%
beers
9.7%
mean
9.7%
talkin
9.7%
leave
9.7%
cause
9.7%
really
9.7%
thinking
9.7%
mom's
9.7%
she'll
9.7%
hollered
6.5%
wrong
6.5%
sounded
6.5%
there's
6.5%
there's
6.5%
there's
6.5%
there's
6.5%
bout
6.5%
dark
6.5%
ain't
6.5%
ain't
6.5%
home,
6.5%
stopped
6.5%
sure
6.5%
about.
6.5%
around
6.5%
clear.
3.2%
yet
3.2%
called
3.2%
turned
3.2%
phone.
3.2%
cooling
3.2%

You're not logged in!

Compare scores with friends on all Sporcle quizzes.
OR
Log In

From the Vault

'P' American History

by william2

A potpourri of people and places from the past.
Remove Ads.
Support Sporcle.
Get the best of Sporcle when you Go Orange. This ad-free experience offers more features, more stats, and more fun while also helping to support Sporcle. Thank you for becoming a member.

Show Comments

Extras

Created Feb 17, 2011ReportNominate
Tags:Song Quiz, finish, laura

Top Quizzes Today


Score Distribution

Your Account Isn't Verified!

In order to create a playlist on Sporcle, you need to verify the email address you used during registration. Go to your Sporcle Settings to finish the process.

Report this User

Report this user for behavior that violates our Community Guidelines.

Details: